| 000 | 00424cam a2200181ua 4500 | ||
|---|---|---|---|
| 020 | _c3.00 | ||
| 041 |
_ahin _h |
||
| 082 |
_a891.54 _bMAN/SU |
||
| 100 | _aManmathnath Gupta, . | ||
| 245 |
_aSudhar / _cManmathnath gupta. _hTextual Documents |
||
| 250 |
_a2 / _b. |
||
| 260 |
_aVaranasi : _bJai Prakashan , _c1960. |
||
| 300 | _a174 ; . | ||
| 365 | _a3.00 | ||
| 504 | _a | ||
| 942 | _cBK | ||
| 999 |
_c6403 _d6403 |
||